ELECTRONIC PATRAKARITA (Record no. 5309)

MARC details
000 -LEADER
fixed length control field 00377nam a22001577a 4500
005 - DATE AND TIME OF LATEST TRANSACTION
control field 20161022161132.0
008 - FIXED-LENGTH DATA ELEMENTS--GENERAL INFORMATION
fixed length control field 161022b xxu||||| |||| 00| 0 eng d
020 ## - INTERNATIONAL STANDARD BOOK NUMBER
ISBN 978-81-8031-772-1
041 ## - LANGUAGE CODE
Language code of text/sound track or separate title eng
100 ## - MAIN ENTRY--AUTHOR NAME
Personal name SINGH,KUMAR DR AJAY
245 ## - TITLE STATEMENT
Title ELECTRONIC PATRAKARITA
260 ## - PUBLICATION, DISTRIBUTION, ETC. (IMPRINT)
Name of publisher LOK BHARTI
300 ## - PHYSICAL DESCRIPTION
Number of Pages 272
650 ## - SUBJECT ADDED ENTRY--TOPICAL TERM
Topical Term MASS COM JOURNLISM
942 ## - ADDED ENTRY ELEMENTS (KOHA)
Koha item type Books
Holdings
Lost status Damaged status Collection code Home library Current library Shelving location Date acquired Source of acquisition Cost, normal purchase price Full call number Accession Number Koha item type
    LIFE SKILL JRU Library JRU Library SHELF-102-E 22/10/2016 Purchase 600.00 621.380 5 21427 Books
      JRU Library   SHELF-32-I 22/10/2016 Purchase 600.00   21428 Books
    Reference JRU Library   SHELF-31-B 22/10/2016 Purchase 600.00   21429 Books